• 首页
  • 本馆介绍
  • 公告通知
  • 最新文献
  • 馆藏检索
  • 电子资源
  • 读者导购
  • 参考咨询
  • 我的图书馆
  • 登录
  • 详细信息显示
  • 放入我的书架
  • 预约/预借图书
  • 作者相关作品
  • 分类相关作品
  • 丛书相关作品
  • 出版社相关作品

书目信息

  • 表格格式
  • 工作单格式
  • 卡片格式
题名:
中国通史
    
 
作者: 卜宪群 总撰稿 ;中国社科院 撰稿
分册: 贰   秦汉魏晋南北朝
出版信息: 北京   华夏出版社  2016
页数: 22,484页
开本: 19cm
丛书名:
单 册:
中图分类: K20 , K232
科图分类:
主题词: 中国历史--zhong guo li shi , 古代史--gu dai shi--中国--秦汉时代
电子资源:
ISBN: 978-7-5080-8664-4
000 01024nam0 22002771 450
001 0118172312
005 20170619154306.14
010    @a978-7-5080-8664-4@b精装@dCNY68.00
100    @a20160530d2016 em y0chiy50 ea
101 0  @achi
102    @aCN@b110000
105    @aa z 000yy
106    @ar
200 1  @a中国通史@Azhong guo tong shi@h贰@i秦汉魏晋南北朝@f卜宪群总撰稿@g中国社会科学院历史研究所撰稿
210    @a北京@c华夏出版社@d2016
215    @a22,484页@c图@d19cm
330    @a本书主要讲述秦汉魏晋南北朝的历史,包括秦国崛起、秦始皇统一中国、楚汉战争、丝绸之路、清议与党锢、三国鼎立、诸葛亮治蜀、西晋统一、魏晋风度等内容。
517 1  @a秦汉魏晋南北朝@Aqin han wei jin nan bei chao
606 0  @a中国历史@Azhong guo li shi
606 0  @a古代史@Agu dai shi@y中国@z秦汉时代
690    @aK20@v5
690    @aK232@v5
701  0 @a卜宪群@Abo xian qun@f(1962~)@4总撰稿
712 02 @a中国社科院@Azhong guo she ke yuan@b历史研究所@4撰稿
801  0 @aCN@bTANGWEI@c20170615
905    @b1009305-10@dK20@e228:2@f6
    
    中国通史.贰.秦汉魏晋南北朝/卜宪群总撰稿/中国社会科学院历史研究所撰稿.-北京:华夏出版社,2016
    22,484页:图;19cm
    
    
    ISBN 978-7-5080-8664-4(精装):CNY68.00
    本书主要讲述秦汉魏晋南北朝的历史,包括秦国崛起、秦始皇统一中国、楚汉战争、丝绸之路、清议与党锢、三国鼎立、诸葛亮治蜀、西晋统一、魏晋风度等内容。
●
相关链接 在E读中查询图书 在五车中查询图书 在当当中查询图书 在豆瓣中查询图书


正题名:中国通史     索取号:K20/228:2         预约/预借

序号 登录号 条形码 馆藏地/架位号 状态 备注
1 1009305   210093058   第二样本阅览室/ [索取号:K20/228:2] 在馆    
2 1009306   210093067   教育系资料室/ [索取号:K20/228:2] 在馆    
3 1009307   210093076   教育系资料室/ [索取号:K20/228:2] 在馆    
4 1009308   210093085   教育系资料室/ [索取号:K20/228:2] 在馆    
5 1009309   210093094   第二借阅区/ [索取号:K20/228:2] 在馆    
6 1009310   210093101   第二借阅区/ [索取号:K20/228:2] 在馆    
唐山师范学院图书馆 欢迎您!
大连网信软件有限公司© 版权所有